Normal view MARC view

Entry Personal Name

Number of records used in: 1

001 - CONTROL NUMBER

  • control field: 1087

003 - CONTROL NUMBER IDENTIFIER

  • control field: DLC

005 - DATE AND TIME OF LATEST TRANSACTION

  • control field: 20200106132707.0

008 - FIXED-LENGTH DATA ELEMENTS

  • fixed length control field: 851114n| acannaab| |n aaa |||

010 ## - LIBRARY OF CONGRESS CONTROL NUMBER

  • LC control number: n 85174364

040 ## - CATALOGING SOURCE

  • Original cataloging agency: DLC
  • Transcribing agency: DLC

100 10 - HEADING--PERSONAL NAME

  • Personal name: Alexander, Gordon J.,
  • Dates associated with a name: 1947-

670 ## - SOURCE DATA FOUND

  • Source citation: His Portfolio analysis, c1986:
  • Information found: CIP t.p. (Gordon J. Alexander; Univ. of Minnesota) data sheet (b. 4/6/47)

Powered by Koha